书目信息 |
| 题名: |
煤化学
|
|
| 作者: | 朱银惠 主编 | |
| 分册: | ||
| 出版信息: | 北京 化学工业出版社 2011.5 |
|
| 页数: | 233页 | |
| 开本: | 26cm | |
| 丛书名: | ||
| 单 册: | ||
| 中图分类: | TQ530 | |
| 科图分类: | ||
| 主题词: | 煤--应用化学--高等教育--教材 , 煤 , 应用化学 | |
| 电子资源: | ||
| ISBN: | 978-7-122-10935-4 | |
| 000 | 00857nam0 2200277 450 | |
| 001 | 0400004387 | |
| 005 | 20171026095200.82 | |
| 010 | @a978-7-122-10935-4@dCNY30.00 | |
| 100 | @a20111124e20152011em y0chiy50 ea | |
| 101 | 0 | @achi |
| 102 | @aCN@b110000 | |
| 105 | @ay z 000yy | |
| 106 | @ar | |
| 200 | 1 | @a煤化学@9mei hua xue@f朱银惠主编 |
| 205 | @a第2版 | |
| 210 | @a北京@c化学工业出版社@d2011.5@h2015.9 | |
| 215 | @a233页@d26cm | |
| 300 | @a普通高等教育“十一五”国家级规划教材(高职高专教材) | |
| 330 | @a本书系统地叙述了煤的特征和生成、工业分析和元素分析、煤的有机质的结构、工艺性质、分类及煤质评价、煤的综合利用等内容。 | |
| 606 | 0 | @a煤@x应用化学@x高等教育@j教材 |
| 606 | 0 | @a煤 |
| 606 | 0 | @a应用化学 |
| 690 | @aTQ530@v4 | |
| 701 | 0 | @a朱银惠@9zhu yin hui@4主编 |
| 801 | 0 | @aCN@b91MARC@c20171023 |
| 905 | @b1034631-5@dTQ530@f5@e88=2 | |
| 煤化学/朱银惠主编.-第2版.-北京:化学工业出版社,2011.5(2015.9) |
| 233页;26cm |
| 普通高等教育“十一五”国家级规划教材(高职高专教材) |
| ISBN 978-7-122-10935-4:CNY30.00 |
| 本书系统地叙述了煤的特征和生成、工业分析和元素分析、煤的有机质的结构、工艺性质、分类及煤质评价、煤的综合利用等内容。 |
| ● |
| 相关链接 |
|
|
|
|
正题名:煤化学
索取号:TQ530/88=2
 
预约/预借
| 序号 | 登录号 | 条形码 | 馆藏地/架位号 | 状态 | 备注 |
| 1 | 1034631 | 210346311 | 第二样本阅览室/ [索取号:TQ530/88=2] | 在馆 | |
| 2 | 1034632 | 210346320 | 密集书库-化学系/ [索取号:TQ530/88=2] | 在馆 | |
| 3 | 1034633 | 210346339 | 第三借阅区/ [索取号:TQ530/88=2] | 在馆 | |
| 4 | 1034634 | 210346348 | 第三借阅区/ [索取号:TQ530/88=2] | 在馆 | |
| 5 | 1034635 | 210346357 | 第三借阅区/ [索取号:TQ530/88=2] | 在馆 |